LEADER 01001nam a2200253 u 4500 001 000000106749 003 CaOOAMICUS 005 20070906143734.0 008 070906s1998 it u000 u ita u 020 $a88-399-1590-7 040 $aPUL$bita$dPG 100 1 $aVannini, Francesco.$0(OLS)http://pul/name/56596 245 10$a1-2-3 Giovanni /$cFrancesco Vannini. 260 $aBrescia :$bQueriniana,$c1998. 300 $a148 p. ;$c21 cm. 490 1 $aLeggere oggi la Bibbia ;$v2.14 630 04$aBiblia.$pN.T.$pIohannis epistolae.$0(OLS)http://pul/subject/25830 830 0$aLeggere oggi la Bibbia ;$v2.14.$0(OLS)http://pul/title/43986 850 $aPUL 852 $aPUL$W1$xSL Religione 1$y3$m9 C 86$j120747$qStampati$B119952$CPULBib$Z2$F119952 $H78582 $82 941 1 $a8 996 $6020$a88-399-1590-7$9(OLS)http://pul/number/135477 996 $6245$a1-2-3 Giovanni$9(OLS)http://pul/title/134396 996 $6260$aBrescia :$bQueriniana$9(OLS)http://pul/publisher/47906 LEADER 01438nam a2200325 u 4500 001 000000014755 003 CaOOAMICUS 005 20070226105812.0 008 941201s1980 it f u000 u ita u 035 $a10346800 040 $aPUL(R)$bita 041 1 $aita$alat 100 0 $aBenedictus Casinensis,$csanto,$dcirca 480-543.$0(OLS)http://pul/name/876 240 10$aRegula$9(Benedictus, s., abate di Montecassino, 480-543).$lItaliano e latino.$0(OLS)http://pul/title/21177 245 13$aLa regola /$cS. Benedetto ; testo, versione e commento a cura di Anselmo Lentini. 250 $a2. ed. 260 $aMontecassino :$b[s.n.],$c1980. 300 $axcv, 678 p., [4] c. di tav. :$bill. ;$c22 cm 500 $aComprende indici. 504 $aBibliografia: p. xci-xcv. 600 04$aBenedictus,$cs., abate di Montecassino,$d480-543.$0(OLS)http://pul/subject/4674 650 4$aMonachismo e ordini religiosi$xRegole.$0(OLS)http://pul/subject/5680 700 1 $aLentini, Anselmo,$cO.S.B.,$d1901-$0(OLS)http://pul/name/6919 850 $aPUL 852 $aPUL$W1$xSL Religione 1$y3$m42 G 50$j20681$nBK-PRI$b $qStampati$B20681$CPULBib$Z2$F20681 $H $81 900 $aBenedetto da Norcia,$cs., abate di Montecassino,$d480-543$9876 941 1 $a8 961 $aINV: 48035 996 $6245$aLa regola$9(OLS)http://pul/title/21178 996 $6260$aMontecassino :$b[s.n.]$9(OLS)http://pul/publisher/51453